50 najczęściej zgadywanych krajów - Statystyki

Ogólne statystyki
  • Ten quiz został rozwiązany 1 149 razy
  • Średni wynik to 40 z 50
Statystyki odpowiedzi
Lp. % poprawnych Kraj % Poprawnych
1 97% Polska
100%
2 96% Rosja
98%
3 95% Niemcy
97%
4 94% Stany Zjednoczone
96%
6 94% Chiny
95%
5 94% Francja
93%
8 94% Hiszpania
92%
7 94% Kanada
92%
14 92% Brazylia
90%
11 93% Ukraina
90%
20 91% Japonia
89%
12 92% Portugalia
89%
16 92% Szwecja
89%
15 92% Wielka Brytania
88%
10 93% Włochy
88%
9 93% Czechy
87%
19 91% Norwegia
87%
17 91% Meksyk
86%
35 86% Argentyna
85%
21 91% Litwa
85%
18 91% Słowacja
85%
22 90% Finlandia
84%
13 92% Australia
83%
23 90% Łotwa
83%
31 87% Grecja
82%
28 88% Egipt
81%
27 88% Turcja
81%
30 87% Holandia
80%
26 89% Białoruś
79%
29 87% Estonia
79%
32 87% Indie
79%
36 84% Belgia
78%
33 86% Austria
77%
25 89% Dania
76%
39 82% Chorwacja
75%
24 90% Irlandia
75%
38 82% Szwajcaria
74%
44 81% Korea Południowa
73%
45 80% Węgry
72%
46 80% Rumunia
71%
34 86% Islandia
68%
48 77% Słowenia
68%
42 81% Iran
66%
43 81% Korea Północna
66%
50 75% Bułgaria
65%
37 83% Chile
65%
40 82% Irak
62%
47 78% Kazachstan
59%
49 76% Mongolia
48%
41 81% Madagaskar
24%
Nie znaleziono quizów pasujących do podanych kryteriów
Rozkład punktacji
Procent ludzi z każdym wynikiem
Percentyl według liczby udzielonych odpowiedzi
Twoja historia wyników
Nie rozwiązałeś tego quizu